Statistics for World Capitals Closest to Wellington

Click here to take the quiz!

General Stats

  • This quiz has been taken 460 times
  • The average score is 13 of 20

Answer Stats

km Capital miles % Correct
2329Canberra1447
99%
7723Jakarta4799
89%
4461Port Moresby2772
81%
8531Singapore5301
79%
2600Suva1615
79%
8319Manila5169
77%
3323Apia2065
73%
6043Dili3755
72%
3672Funafuti2282
70%
4604Yaren2861
67%
2431Nuku'alofa1511
66%
4751Tarawa2952
65%
2694Port Vila1674
64%
5628Palikir3497
63%
3833Honiara2382
62%
6801Ngerulmud4226
62%
5396Majuro3353
61%
7940Bandar Seri Begawan4934
52%
2870Alofi1783
23%
3270Avarua2032
20%

Score Distribution

Percentile by Number Answered

Percent of People with Each Score

Your Score History

You have not taken this quiz